El mito de Sísifo (Registro nro. 93357)
[ vista simple ]
| 000 -ENCABEZADO | |
|---|---|
| Número de control [NR] | 01083nam a22003137a 4500 |
| 005 - FECHA Y HORA DE LA ÚLTIMA TRANSACCIÓN | |
| control field | 20190930085209.0 |
| 008 - DE LONGITUD FIJA DE DATOS DE ELEMENTOS - INFORMACIÓN GENERAL | |
| Elementos de longitud fija [NR] | 130419n2012|||||||||||gr|||||00||0|spa|| |
| 020 ## - NUMERO INTERNACIONAL NORMALIZADO PARA LIBROS [R] | |
| Número Internacional Normalizado del libro [NR] | 9788420609270 (3a.Ed.) |
| 020 ## - NUMERO INTERNACIONAL NORMALIZADO PARA LIBROS [R] | |
| Número Internacional Normalizado del libro [NR] | 9788420636979 |
| 040 ## - FUENTE DE CATALOGACION [NR] | |
| Agencia de catalogación original [NR] | Co-BoUCM |
| Idioma de catalogación [NR] | spa |
| Quien Cataloga | Saul Niño (Modificó) |
| Quien Clasifica | [Nuevo] |
| 041 1# - CODIGO DE IDIOMA [R] | |
| Código de idioma para texto/pista de sonido o título separado [R] | Español |
| Language code of original and/or intermediate translations of text | fre |
| 100 1# - ASIENTO PRINCIPAL--NOMBRE PERSONAL [NR] | |
| Nombre personal [NR] | Camus, Albert |
| Fechas asociadas con el nombre [NR] | 1913-1960 |
| ID Autoridad | 67597 |
| 245 13 - MENCION DE TITULO [NR] | |
| Título [NR] | El mito de Sísifo |
| Mención de responsabilidad, etc. [NR] | Albert Camus ; traductora : Esther Benítez |
| 250 ## - MENCION DE EDICION [NR] | |
| Mención de edición [NR] | Tercera edición |
| 260 ## - PUBLICACION, DISTRIBUCION, ETC. (PIE DE IMPRENTA) [R] | |
| Lugar de publicación, distribución, etc. [R] | Barcelona (España) |
| Nombre del editor, distribuidor, etc. [R] | Alianza |
| Fecha de publicación, distribución, etc. [R] | 2012 |
| 300 ## - DESCRIPCION FISICA [R] | |
| Extensión [R] | 174 páginas |
| 490 0# - MENCION DE SERIE [R] | |
| Mención de serie [R] | El Libro de Bolsillo |
| 500 ## - NOTA GENERAL [R] | |
| Nota general [NR] | Incluye índice |
| 600 14 - ASIENTO SECUNDARIO DE MATERIA - NOMBRE PERSONAL [R] | |
| Nombre personal [NR] | Kafka, Franz |
| Fechas asociadas con el nombre [NR] | 1883-1924 |
| Subdivisión general [R] | Crítica e interpretación, etc. |
| 9 (RLIN) | 78356 |
| 650 04 - ASIENTO SECUNDARIO DE MATERIA - TERMINO TEMATICO [R] | |
| Término temático o nombre geográfico como elemento de entrada [NR] | Ensayos franceses |
| 9 (RLIN) | 14564 |
| 650 04 - ASIENTO SECUNDARIO DE MATERIA - TERMINO TEMATICO [R] | |
| Término temático o nombre geográfico como elemento de entrada [NR] | Filosofía francesa |
| 9 (RLIN) | 15814 |
| 650 04 - ASIENTO SECUNDARIO DE MATERIA - TERMINO TEMATICO [R] | |
| Término temático o nombre geográfico como elemento de entrada [NR] | Literatura europea |
| 9 (RLIN) | 26524 |
| 650 04 - ASIENTO SECUNDARIO DE MATERIA - TERMINO TEMATICO [R] | |
| Término temático o nombre geográfico como elemento de entrada [NR] | Literatura francesa |
| 9 (RLIN) | 7794 |
| 690 #0 - ASUNTO AGREGADO LOCAL DE ENTRADA - TÉRMINO TEMÁTICO (OCLC, RLIN) | |
| Acceso temático local | Literatura europea |
| 9 (RLIN) | 26524 |
| 700 1# - ASIENTO SECUNDARIO - NOMBRE PERSONAL [R] | |
| Nombre personal [NR] | Benítez, Esther |
| Término de relación [R] | traductor |
| 9 (RLIN) | 64171 |
| 765 ## - ASIENTO DE IDIOMA ORIGINAL [R] | |
| Título [NR] | Le mythe de Sisyphe |
| 942 ## - ELEMENTOS DE ENTRADA AGREGADOS (KOHA) | |
| Tipo de ítem principal el descrito en 300a | Libro |
| Edición | 3 |
| Tema principal | Literatura |
| Sistema de clasificación | DEWEY |
| Clasificación | 844.914 |
| Parte restante de la signatura top. | C211m |
| Fecha de último préstamo | Total préstamos | Total Renewals | Signatura topográfica | Código de barras | Prestado | Última vez visto | Ejemplar | Price effective from | Tipo de ítem | Perdido | Sistema de clasificación | Dañado | No prestable | Tipo de ítem específico | Suprimido | Ubicación habitual | Ubicación actual | Localización | Fecha de creación | Forma de adquisición | Costo | Volúmen / Fascículo | Costo de reposición | Proveedor |
|---|---|---|---|---|---|---|---|---|---|---|---|---|---|---|---|---|---|---|---|---|---|---|---|---|
| 05/08/2025 | 15 | 26 | 844.914 C211m | 200011290 | 29/11/2025 | 05/08/2025 | Ej.2 | 03/02/2013 | Libro | DEWEY | Libro | Claustro | Claustro | 2do piso | 28/02/2005 | Compra | 34900.00 | |||||||
| 22/05/2026 | 8 | 19 | 844.914 C211m | 100163952 | 21/07/2026 | 22/05/2026 | Ej.1 | 20/09/2019 | Libro | DEWEY | Libro | Claustro | Claustro | 2do piso | 20/09/2019 | Donación | 0.00 | 3a.Ed. | 26000.00 | 12 |